000 01064nas a2200325 4500
001 BR2012007173
003 BR-BrBNA
005 20231205121244.0
007 ta
008 230509b bl.|||p| |||| 00| 00por d
040 _aBR-BrBNA
_bpor
_cBiblioteca Nacional de Agricultura
041 _a(En)
072 _aQ04; Q03
100 1 _aSilveira, S.M. da
100 1 _aCunha Júnior, A.
100 1 _aScheuermann, G.N.
100 1 _aSecchi, F.L.
100 1 _aVieira, C.R.W.
245 1 _aChemical composition and antimicrobial activity of essential oils from selected herbs cultivated in the south of Brazil against food spoilage and foodborne pathogens
650 _aPLANTA AROMÁTICA
650 _aPLANTA PARA CONDIMENTO
650 _aÓLEO ESSENCIAL
650 _aCOMPOSIÇÃO QUÍMICA
650 _aPATÓGENO
650 _aMICROBIOLOGIA DE ALIMENTO
650 _aSUL
773 0 _tCiência Rural (Brazil)
_xISSN 0103-8478
_g(Jul 2012), v.42(7) p. 1300-1306
_wBR2012007173
909 _a202311
_bLúcia
_c55
_dLúcia Elande
942 _2AGRIS
_n0
_cANA
999 _c222586
_d222586